Statistiken für Biathlon-Weltcup 2021/22

Klicken Sie hier um das Quiz zu spielen!

Allgemein

  • Dieses Quiz wurde 254 mal gespielt
    (202 seit der letzten Aktualisierung)
  • Das Durchschnittsergebnis liegt bei 149 aus 200

Antwortstatistiken

WeltcupGeschlechtDisziplinPlatzierungNationalitätName% Korrekt
XXIV. Olympische Winterspiele in PekingMixedStaffel1.NORMarte Olsbu Røiseland
Tiril Eckhoff
Tarjei Bø
Johannes Thingnes Bø
99%
Östersund IIStaffel1.NORSivert Guttorm Bakken
Tarjei Bø
Johannes Thingnes Bø
Vetle Sjåstad Christiansen
99%
HochfilzenStaffel1.NORSturla Holm Lægreid
Tarjei Bø
Johannes Thingnes Bø
Vetle Sjåstad Christiansen
99%
AntholzStaffel1.NORSturla Holm Lægreid
Tarjei Bø
Johannes Thingnes Bø
Vetle Sjåstad Christiansen
99%
XXIV. Olympische Winterspiele in PekingStaffel1.NORSturla Holm Lægreid
Tarjei Bø
Johannes Thingnes Bø
Vetle Sjåstad Christiansen
99%
OberhofMixed-Staffel1.NORTarjei Bø
Johannes Thingnes Bø
Ingrid Landmark Tandrevold
Marte Olsbu Røiseland
99%
Annecy-Le Grand-BornandMännerSprint1.NORJohannes Thingnes Bø
97%
XXIV. Olympische Winterspiele in Peking3.NORJohannes Thingnes Bø
97%
XXIV. Olympische Winterspiele in PekingSprint1.NORJohannes Thingnes Bø
97%
XXIV. Olympische Winterspiele in PekingMassenstart1.NORJohannes Thingnes Bø
97%
Antholz2.NORJohannes Thingnes Bø
97%
Östersund I3.NORJohannes Thingnes Bø
97%
Östersund I2.NORTarjei Bø
97%
Oberhof3.NORTarjei Bø
97%
XXIV. Olympische Winterspiele in Peking2.NORTarjei Bø
97%
Antholz2.NORTarjei Bø
97%
XXIV. Olympische Winterspiele in Peking3.NORTarjei Bø
97%
Annecy-Le Grand-Bornand3.NORTarjei Bø
97%
XXIV. Olympische Winterspiele in Peking2.FRAAnaïs Chevalier-Bouchet
Julia Simon
Émilien Jacquelin
Quentin Fillon Maillet
94%
Ruhpolding2.GERErik Lesser
Roman Rees
Benedikt Doll
Philipp Nawrath
92%
XXIV. Olympische Winterspiele in PekingFrauenEinzel1.GERDenise Herrmann
91%
Östersund I3.GERDenise Herrmann
91%
Kontiolahti3.GERDenise Herrmann
91%
Otepää2.GERDenise Herrmann
91%
KontiolahtiSprint1.GERDenise Herrmann
91%
XXIV. Olympische Winterspiele in Peking3.GERVanessa Voigt
Vanessa Hinz
Franziska Preuß
Denise Herrmann
91%
Kontiolahti3.FRAAntonin Guigonnat
Émilien Jacquelin
Simon Desthieux
Quentin Fillon Maillet
90%
XXIV. Olympische Winterspiele in Peking2.FRAFabien Claude
Émilien Jacquelin
Simon Desthieux
Quentin Fillon Maillet
90%
KontiolahtiFrauenStaffel1.NORMarte Olsbu Røiseland
Tiril Eckhoff
Ida Lien
Ingrid Landmark Tandrevold
90%
KontiolahtiMännerStaffel1.NORSivert Guttorm Bakken
Filip Fjeld Andersen
Sturla Holm Lægreid
Vetle Sjåstad Christiansen
90%
Östersund IIStaffel1.FRAAnaïs Bescond
Anaïs Chevalier-Bouchet
Julia Simon
Justine Braisaz-Bouchet
89%
RuhpoldingStaffel1.FRAAnaïs Chevalier-Bouchet
Chloé Chevalier
Justine Braisaz-Bouchet
Julia Simon
89%
Otepää3.GERBenedikt Doll
89%
AntholzMassenstart1.GERBenedikt Doll
89%
Ruhpolding2.GERBenedikt Doll
89%
Oberhof3.FRAAntonin Guigonnat
Simon Desthieux
Anaïs Bescond
Julia Simon
88%
Oberhof2.FRA
BLR
Julia Simon
Hanna Sola
88%
Hochfilzen3.FRAAnaïs Bescond
Anaïs Chevalier-Bouchet
Chloé Chevalier
Justine Braisaz-Bouchet
86%
Antholz3.FRAChloé Chevalier
Justine Braisaz-Bouchet
Paula Botet
Anaïs Bescond
86%
XXIV. Olympische Winterspiele in Peking2.SWEElvira Öberg
86%
Hochfilzen3.SWEElvira Öberg
86%
RuhpoldingFrauenSprint1.SWEElvira Öberg
86%
Ruhpolding2.SWEElvira Öberg
86%
Annecy-Le Grand-Bornand3.SWEElvira Öberg
86%
Östersund II2.SWEElvira Öberg
86%
Annecy-Le Grand-BornandMassenstart1.SWEElvira Öberg
86%
XXIV. Olympische Winterspiele in Peking2.SWEElvira Öberg
86%
OtepääMassenstart1.SWEElvira Öberg
86%
Annecy-Le Grand-BornandVerfolgung1.SWEElvira Öberg
86%
Oberhof2.SWEHanna Öberg
86%
Annecy-Le Grand-Bornand3.SWEHanna Öberg
86%
Ruhpolding3.SWEHanna Öberg
86%
Östersund ISprint1.SWEHanna Öberg
86%
AntholzStaffel1.NORKaroline Offigstad Knotten
Tiril Eckhoff
Ida Lien
Ingrid Landmark Tandrevold
86%
HochfilzenStaffel1.SWELinn Persson
Anna Magnusson
Elvira Öberg
Hanna Öberg
86%
Kontiolahti2.SWELinn Persson
Anna Magnusson
Hanna Öberg
Elvira Öberg
86%
Östersund II3.SWELinn Persson
Mona Brorsson
Elvira Öberg
Hanna Öberg
86%
XXIV. Olympische Winterspiele in PekingStaffel1.SWELinn Persson
Mona Brorsson
Hanna Öberg
Elvira Öberg
86%
Kontiolahti2.SWEPeppe Femling
Jesper Nelin
Martin Ponsiluoma
Sebastian Samuelsson
86%
OtepääFrauenSprint1.FRAJulia Simon
85%
Annecy-Le Grand-Bornand2.FRAJulia Simon
85%
Antholz2.FRAJulia Simon
85%
Annecy-Le Grand-Bornand2.FRAJulia Simon
85%
XXIV. Olympische Winterspiele in Peking3.NORMarte Olsbu Røiseland
84%
XXIV. Olympische Winterspiele in PekingVerfolgung1.NORMarte Olsbu Røiseland
84%
Ruhpolding2.NORMarte Olsbu Røiseland
84%
XXIV. Olympische Winterspiele in PekingSprint1.NORMarte Olsbu Røiseland
84%
XXIV. Olympische Winterspiele in Peking3.NORMarte Olsbu Røiseland
84%
RuhpoldingVerfolgung1.NORMarte Olsbu Røiseland
84%
Otepää3.NORMarte Olsbu Røiseland
84%
Oslo3.NORMarte Olsbu Røiseland
84%
Oslo2.NORMarte Olsbu Røiseland
84%
OberhofVerfolgung1.NORMarte Olsbu Røiseland
84%
Oslo3.NORMarte Olsbu Røiseland
84%
OberhofFrauenSprint1.NORMarte Olsbu Røiseland
84%
Östersund I3.NORMarte Olsbu Røiseland
84%
HochfilzenVerfolgung1.NORMarte Olsbu Røiseland
84%
Hochfilzen3.NORMarte Olsbu Røiseland
84%
Annecy-Le Grand-BornandFrauenSprint1.NORMarte Olsbu Røiseland
84%
Östersund IIVerfolgung1.NORMarte Olsbu Røiseland
84%
Hochfilzen3.SWESebastian Samuelsson
84%
Oberhof2.SWESebastian Samuelsson
84%
Östersund II2.SWESebastian Samuelsson
84%
Östersund IIMännerSprint1.SWESebastian Samuelsson
84%
Oslo3.SWESebastian Samuelsson
84%
Östersund ISprint1.SWESebastian Samuelsson
84%
Östersund II2.FRAFabien Claude
Émilien Jacquelin
Simon Desthieux
Quentin Fillon Maillet
83%
Hochfilzen2.FRAFabien Claude
Simon Desthieux
Émilien Jacquelin
Quentin Fillon Maillet
83%
OtepääMassenstart1.NORVetle Sjåstad Christiansen
83%
Annecy-Le Grand-Bornand3.NORVetle Sjåstad Christiansen
83%
Östersund IIVerfolgung1.NORVetle Sjåstad Christiansen
83%
Östersund I2.NORVetle Sjåstad Christiansen
83%
XXIV. Olympische Winterspiele in Peking3.NORVetle Sjåstad Christiansen
83%
Oberhof2.AUTSimon Eder
Lisa Hauser
82%
Otepää2.NORSturla Holm Lægreid
82%
OsloMännerSprint1.NORSturla Holm Lægreid
82%
Oslo3.NORSturla Holm Lægreid
82%
Oslo2.NORSturla Holm Lægreid
82%
Antholz3.NORSturla Holm Lægreid
82%
Östersund IMännerEinzel1.NORSturla Holm Lægreid
82%
Oberhof3.NORSturla Holm Lægreid
82%
Östersund I2.AUTLisa Hauser
81%
Oslo2.AUTLisa Hauser
81%
Östersund IIFrauenSprint1.AUTLisa Hauser
81%
XXIV. Olympische Winterspiele in Peking3.NORTiril Eckhoff
80%
XXIV. Olympische Winterspiele in Peking2.NORTiril Eckhoff
80%
OsloVerfolgung1.NORTiril Eckhoff
80%
OsloFrauenSprint1.NORTiril Eckhoff
80%
Kontiolahti2.NORTiril Eckhoff
80%
KontiolahtiVerfolgung1.NORTiril Eckhoff
80%
Kontiolahti2.GERErik Lesser
77%
OsloVerfolgung1.GERErik Lesser
77%
Oslo2.GERFranziska Preuß
75%
Kontiolahti3.ITASamuela Comola
Dorothea Wierer
Federica Sanfilippo
Lisa Vittozzi
74%
Ruhpolding3.ITADorothea Wierer
73%
XXIV. Olympische Winterspiele in Peking3.ITADorothea Wierer
73%
AntholzMassenstart1.ITADorothea Wierer
73%
Kontiolahti2.ITADorothea Wierer
73%
Annecy-Le Grand-BornandMassenstart1.FRAÉmilien Jacquelin
73%
Östersund II2.FRAÉmilien Jacquelin
73%
Oberhof2.FRAÉmilien Jacquelin
73%
Oslo3.FRAÉmilien Jacquelin
73%
Hochfilzen2.FRAÉmilien Jacquelin
73%
Östersund II3.FRAÉmilien Jacquelin
73%
Hochfilzen2.SWEMartin Ponsiluoma
73%
XXIV. Olympische Winterspiele in Peking2.SWEMartin Ponsiluoma
73%
Östersund IFrauenEinzel1.CZEMarkéta Davidová
70%
XXIV. Olympische Winterspiele in PekingMassenstart1.FRAJustine Braisaz-Bouchet
69%
Hochfilzen2.FRAJustine Braisaz-Bouchet
69%
OsloMassenstart1.FRAJustine Braisaz-Bouchet
69%
AntholzFrauenEinzel1.FRAJustine Braisaz-Bouchet
69%
Annecy-Le Grand-Bornand2.FRAAnaïs Bescond
68%
Östersund II2.FRAAnaïs Bescond
68%
Antholz3.FRAAnaïs Chevalier-Bouchet
68%
Östersund II3.FRAAnaïs Chevalier-Bouchet
68%
Östersund I2.FRAAnaïs Chevalier-Bouchet
68%
XXIV. Olympische Winterspiele in Peking2.FRAAnaïs Chevalier-Bouchet
68%
Östersund I3.FRASimon Desthieux
68%
Oslo2.FRAQuentin Fillon Maillet
66%
RuhpoldingVerfolgung1.FRAQuentin Fillon Maillet
66%
Annecy-Le Grand-BornandVerfolgung1.FRAQuentin Fillon Maillet
66%
Otepää2.FRAQuentin Fillon Maillet
66%
RuhpoldingMännerSprint1.FRAQuentin Fillon Maillet
66%
Oslo2.FRAQuentin Fillon Maillet
66%
OberhofVerfolgung1.FRAQuentin Fillon Maillet
66%
OtepääMännerSprint1.FRAQuentin Fillon Maillet
66%
XXIV. Olympische Winterspiele in PekingVerfolgung1.FRAQuentin Fillon Maillet
66%
Annecy-Le Grand-Bornand2.FRAQuentin Fillon Maillet
66%
KontiolahtiVerfolgung1.FRAQuentin Fillon Maillet
66%
KontiolahtiSprint1.FRAQuentin Fillon Maillet
66%
Östersund II3.FRAQuentin Fillon Maillet
66%
XXIV. Olympische Winterspiele in Peking2.FRAQuentin Fillon Maillet
66%
XXIV. Olympische Winterspiele in PekingMännerEinzel1.FRAQuentin Fillon Maillet
66%
HochfilzenVerfolgung1.FRAQuentin Fillon Maillet
66%
Antholz3.GERRoman Rees
Philipp Horn
David Zobel
Lucas Fratzscher
66%
Östersund II2.BLRIryna Leschtschanka
Dsinara Alimbekawa
Jelena Krutschinkina
Hanna Sola
64%
Kontiolahti3.GERJohannes Kühn
64%
HochfilzenMännerSprint1.GERJohannes Kühn
64%
Oberhof2.BLRMikita Labastau
Anton Smolski
Dsinara Alimbekawa
Hanna Sola
64%
HochfilzenFrauenSprint1.BLRHanna Sola
62%
Hochfilzen2.BLRHanna Sola
62%
Östersund II3.BLRHanna Sola
62%
Ruhpolding2.SWEJohanna Skottheim
Stina Nilsson
Mona Brorsson
Anna Magnusson
62%
Otepää2.GERVanessa Voigt
58%
OsloMassenstart1.NORSivert Guttorm Bakken
56%
Otepää3.NORSivert Guttorm Bakken
56%
XXIV. Olympische Winterspiele in Peking3.RUSUljana Nigmatullina
Kristina Reszowa
Alexander Loginow
Eduard Latypow
55%
Antholz2.RUSAnton Babikow
Daniil Serochwostow
Alexander Loginow
Eduard Latypow
54%
Ruhpolding2.RUSAlexander Loginow
53%
OberhofMännerSprint1.RUSAlexander Loginow
53%
XXIV. Olympische Winterspiele in Peking3.RUSSaid Karimulla Chalili
Alexander Loginow
Maxim Zwetkow
Eduard Latypow
53%
Östersund II3.RUSSaid Karimulla Chalili
Daniil Serochwostow
Alexander Loginow
Eduard Latypow
53%
RuhpoldingStaffel1.RUSSaid Karimulla Chalili
Daniil Serochwostow
Alexander Loginow
Maxim Zwetkow
53%
Hochfilzen3.RUSWassili Tomschin
Daniil Serochwostow
Alexander Loginow
Eduard Latypow
53%
Antholz3.SWEMona Brorsson
52%
Ruhpolding3.BLRAnton Smolski
51%
Hochfilzen3.BLRAnton Smolski
51%
Ruhpolding3.BLRAnton Smolski
51%
XXIV. Olympische Winterspiele in Peking2.BLRAnton Smolski
51%
Kontiolahti3.ITALukas Hofer
51%
Ruhpolding3.BLRMikita Labastau
Dsmitryj Lasouski
Maksim Warabej
Anton Smolski
51%
Annecy-Le Grand-Bornand3.NORFilip Fjeld Andersen
49%
Kontiolahti2.NORFilip Fjeld Andersen
49%
Oberhof3.BLRDsinara Alimbekawa
48%
Antholz2.BLRDsinara Alimbekawa
48%
Annecy-Le Grand-Bornand2.RUSEduard Latypow
45%
XXIV. Olympische Winterspiele in Peking3.RUSEduard Latypow
45%
Annecy-Le Grand-Bornand2.RUSEduard Latypow
45%
Otepää3.NORKaroline Offigstad Knotten
44%
OberhofSingle-Mixed-Staffel1.RUSAnton Babikow
Kristina Reszowa
36%
Kontiolahti3.SWEStina Nilsson
35%
AntholzMännerEinzel1.RUSAnton Babikow
32%
XXIV. Olympische Winterspiele in Peking2.RUSUljana Nigmatullina
Kristina Reszowa
Irina Kasakewitsch
Swetlana Mironowa
32%
Antholz2.RUSWalerija Wasnezowa
Kristina Reszowa
Irina Kasakewitsch
Uljana Nigmatullina
32%
Ruhpolding3.RUSWalerija Wasnezowa
Swetlana Mironowa
Irina Kasakewitsch
Kristina Reszowa
32%
Hochfilzen2.RUSWalerija Wasnezowa
Swetlana Mironowa
Uljana Nigmatullina
Kristina Reszowa
32%
Annecy-Le Grand-Bornand3.RUSKristina Reszowa
31%
Oslo3.SVKPaulína Fialková
31%
Antholz3.RUSSaid Karimulla Chalili
19%
Oberhof3.UKRArtem Tyschtschenko
Darja Blaschko
10%

Verteilung der Resultate

Perzentil nach korrekt beantworteten Fragen

Anzahl Personen mit jedem Resultat

Ihre Resultats-Entwicklung

Sie haben dieses Quiz seit der letzten Aktualisierung nicht gespielt